000 00482nam a2200217Ia 4500
008 210210b1986 xxu||||| |||| 00| 0 eng d
082 _a591.5 KRIT
100 _aKRISHNAN (N T).
245 _aTextbook of animal ecology Ed 4.
250 _a
260 _aNagercoil
_bJaya Publications
_c1986
300 _avi,479
650 _aTextbook
650 _aof
650 _aEd
650 _aecology
650 _aanimal
650 _a4.
690 _aZoology
906 _a046950
999 _c96150
_d96150